Statistics for Australia Immigration By Country - Extreme

Click here to take the quiz!

General Stats

  • This quiz has been taken 110 times
  • The average score is 34 of 40

Answer Stats

TotalCountry% Correct
1,14 milUnited Kingdom
100%
612,500China
99%
485,375India
99%
61,910Pakistan
99%
518,460New Zealand
97%
219,350Vietnam
97%
174,040Italy
96%
138,360Malaysia
96%
42,420Japan
94%
45,050Canada
93%
73,220Indonesia
93%
232,390Philippines
93%
98,775South Korea
93%
66,220Thailand
93%
86,120United States
93%
42,230Bangladesh
91%
31,120France
91%
108,220Germany
91%
58,110Iran
91%
33,150Cambodia
90%
67,350Iraq
90%
88,845Brazil
88%
162,450South Africa
88%
74,890Ireland
85%
32,650Myanmar
82%
99,930Greece
81%
58,210Poland
81%
54,940Singapore
81%
109,850Sri Lanka
79%
46,820Taiwan
79%
54,750Nepal
78%
46,800Afghanistan
75%
47,990Ukraine
75%
61,470Fiji
73%
39,770Egypt
72%
70,170Netherlands
72%
56,770Argentina
69%
78,650Lebanon
67%
43,660Croatia
54%
38,980North Macedonia
27%

Score Distribution

Percentile by Number Answered

Percent of People with Each Score

Your Score History

You have not taken this quiz